Alps A-Z - Statistics

General Stats
  • This quiz has been taken 69 times
  • The average score is 11 of 24
Answer Stats
# Hint Answer % Correct
B Highest mountain Mont Blanc
98%
I Home of the 1964 and 1976 Olympics Innsbruck
87%
H He crossed the Alps with elephants Hannibal
81%
M Smallest country of the Alps Monaco
81%
P Longest italian river that rises at the bottom of the Monte Viso Po
74%
R Swiss-french river that rises from the glacier of the same name Rhône
74%
Z Famous ski resort below the Matterhorn Zermatt
68%
E Bernese mountain with en emblematic 1800 meters tall north face Eiger
58%
G Largest alpine city Grenoble
55%
O Austrian valley where a 5300 years old mummy was found Ötztal
51%
V Swiss canton home of more than half of the 4000ers of the Alps Valais
51%
A Longest glacier Aletsch Glacier
47%
D Famous region where C is located Dolomites
45%
C Mountain resort home of the 1956 Olympics Cortina d'Ampezzo
36%
L South Tirol language quite similar to Romansh and Friulan Ladin
36%
J French mountain also famous for its huge north face Grandes J{orasses}
26%
S Second highest pass famous for its 75 hairpin turns Stelvio
26%
T Highest mountain of Slovenia Triglav
26%
N German name of the easternmost alpine state of Austria Niederösterreich
25%
W Longest downhill of the alpine ski world cup Wengen
25%
F Swiss pass where James Bond film Goldfinger was shot Furka Pass
23%
K Highest gondola of Europe above Z Klein Matterhorn
15%
U Climbing and Mountaineering Federation founded in Chamonix UIAA
9%
X Freeride competition held in Verbier since 1996 Xtreme
4%
No matching quizzes found
Score Distribution
Percent of People with Each Score
Percentile by Number Answered
Your Score History
You have not taken this quiz